| 000 | 00687nam a2200229Ia 4500 | ||
|---|---|---|---|
| 003 | OSt | ||
| 005 | 20221006164509.0 | ||
| 006 | a|||||r|||| 00| 0 | ||
| 007 | ta | ||
| 008 | 221006b |||||||| |||| 00| 0 eng d | ||
| 024 | _a64 | ||
| 037 | _cReference Collections | ||
| 040 |
_aFML _cFML _beng |
||
| 041 |
_2eng _aeng |
||
| 082 | _aan,494,12,N7 L4--- | ||
| 100 |
_aA I U _9677640 |
||
| 245 | 2 |
_aBiblography of doctoral Dissertations _b Social Siences and Humanitics |
|
| 260 |
_aNew Delhi _bInter University Board of India _c1986 |
||
| 300 |
_a390 _ccm. |
||
| 942 |
_han,494,12,N7 L4--- _cREF _2CC |
||
| 999 |
_c1117469 _d1117469 |
||